Fuerzas Armadas, de orden y seguridad pública: posición constitucional, políticas y elecciones primarias.

Bibliographic Details
Main Author: Zúñiga Urbina, Francisco
Format: Libro
Language:English
Published: Santiago, Chile Universidad Central de Chile 2000
Subjects:

MARC

LEADER 00000cam a2200000 a 4500
001 035044
003 UAHC_CL
005 20170803123820.0
008 020111b xx j 000 1 eng
040 |a UAHC_CL  |c UAHC_CL  |d UAHC_CL 
100 1 |a Zúñiga Urbina, Francisco 
245 1 0 |a Fuerzas Armadas, de orden y seguridad pública: posición constitucional, políticas y elecciones primarias. 
260 |b Universidad Central de Chile  |c 2000  |a Santiago, Chile 
650 4 |a SEGURIDAD SOCIAL 
900 |a LA REVISTA DE DERECHO-1/00 
942 |c BK 
999 |c 35044  |d 35044